000
00245nam a2200097 4500
999
_c
531948
_d
531948
040
_c
DLC
082
_a
363.7
_b
MOT
100
_a
Mott MacDonald International
_9
25135
245
_a
Punjab urban water supply and sanitation project
942
_2
ddc
_c
BK